00746cam a22002171 450000100070000000500170000700800410002401000170006504000180008204100110010008000150011108200150012610000070014110100080014824000840015624501000024090600450034094200120038599900170039795201140041474957720180119072502.0720107s1959 cau 000 0 eng  a 59007425  aDLCcDLCdDLC1 aengger a301.44 DAH00a301.44 DAH1 a50 aSOC10aSoziale Klassen und Klassenkonflikt in der industriellen Gesellschaft.lEnglish10aClass and class conflict in industrial society.c[Translated, rev., and expanded by the author] a7bcbccorignewdueocipf19gy-gencatlg 2ddccBK c40582d40582 00102udc40708PËKGa002b002cPËKGd2018-01-19l0o301.44 DAHp002-2995896r2018-01-19w2018-01-19yBK